Phrases de politiques français - Statistiques

Statistiques générales
  • Ce quiz a été pris 74 fois
  • Le résultat moyen est 27 sur 54
Statistiques - réponses
Indice Réponse % Correct
7 Ce que vous proposez, comme d'habitude, c'est de la poudre de perlimpinpin Emmanuel Macron
90%
4 Be you, be proud of you because you can be do what we want to do François Hollande
90%
3 Aussi, sur le fondement de l'article 49 alinéa 3 de la Constitution, j'engage la responsabilité de mon gouvernement Elisabeth Borne
87%
2 Aucune femme ne recourt de gaieté de coeur à l'avortement, il suffit d'écouter les femmes. Simone Veil
87%
8 Ce soir, je ne suis pas le Premier ministre, et vous n’êtes pas le président de la République. Jacques Chirac
85%
1 Au revoir Valéry Giscard d’Estaing
82%
22 Jeanne au secours ! Jean Marie Le Pen
78%
40 Nous sommes en guerre Emmanuel Macron
77%
28 La République, c'est moi Jean-Luc Mélenchon
72%
36 Moi ?!... Moi ?!... Mais qui elle est celle-là... Jean-Luc Mélenchon
72%
17 Je crois à l'inégalité des races Jean Marie Le Pen
72%
45 Regardez, ils sont là, ils sont dans les campagnes, dans les villes, sur les réseaux sociaux ! Marine Le Pen
72%
16 J'vais te faire courir, moi, tu vas voir, le rouquin, là-bas. Hein ? Pédé ! Jean Marie Le Pen
70%
11 Enfoncez la porte, camarades ! Jean-Luc Mélenchon
68%
31 Les délinquants français en prison, les étrangers, dans l'avion Marine Le Pen
67%
38 Mon cochon préféré, c'est une petite cochonne, c'est mon épouse Jean Lassalle
65%
35 Mais vous avez tout à fait raison monsieur le Premier ministre François Mitterrand
63%
15 J'aime beaucoup les pommes. Jacques Chirac
63%
33 Les migrants c'est comme les éoliennes, tout le monde est d'accord pour qu'il y en ait mais personne ne veut que ce soit à côté de chez lui Marine Le Pen
63%
43 Paris, Paris outragé, Paris brisé, Paris martyrisé, mais Paris libéré ! Charles de Gaulle
62%
47 Tu casses, tu répares, tu salis, tu nettoies, tu défies l'autorité, on t'apprend à la respecter Gabriel Attal
60%
30 Le terme "nettoyer au Kärcher" est un terme qui s'impose Nicolas Sarkozy
60%
5 Calmez-vous madame, ça va bien se passer Gérald Darmanin
57%
14 J'ai l'honneur, au nom du gouvernement de la République, de demander à l'Assemblée nationale l'abolition de la peine de mort en France Robert Badinter
57%
51 Vous m'avez manqués ! Valérie Pécresse
57%
13 Il faut un cap clair. On ne va pas refaire la Nupes, là Raphaël Glucksmann
55%
46 Rien de tel qu'une femme pour faire le ménage Valérie Pécresse
53%
53 Vous n’avez pas Monsieur Mitterrand, le monopole du cœur ! Valéry Giscard d’Estaing
53%
42 Pardon, moi j'ai pas d'amis. monsieur bourdin ! J'ai pas d'amis ! Non, j'ai pas d'amis. Emmanuel Macron
52%
29 Le général de Gaulle est mort. La France est veuve Georges Pompidou
50%
50 Vous êtes des enfants de bourgeois ! Marine Le Pen
50%
25 La France entière sait, voit, entend ce qui s'est passé ici et je puis vous dire qu'elle en vaudra mieux. Vive Montréal ! Vive le Québec ! Vive le Québec libre Charles de Gaulle
48%
32 Les gens qui réussissent et les gens qui ne sont rien Emmanuel Macron
48%
37 Moi président de la République, je ne traiterai pas mon Premier ministre de collaborateur. François Hollande
48%
26 La France n'est pas un McDonald's, on n'y vient pas comme on est. Éric Zemmour
47%
21 Je vois que vous essayez de jouer au professeur et à l'élève, ce n'est pas vraiment mon truc à moi Marine Le Pen
43%
19 Je ne vais pas mal, mais, rassurez-vous, un jour je ne manquerai pas de mourir. Charles de Gaulle
38%
20 Je sais que je tiendrai tête à Poutine et Trump. J’ai connu les ours, les loups et les cavernes Jean Lassalle
38%
23 J’assume pleinement la responsabilité de cet échec et j’en tire les conclusions, en me retirant de la vie politique Lionel Jospin
38%
39 Notre maison brûle et nous regardons ailleurs Jacques Chirac
32%
10 Dans un premier temps ça m'a fait sourire, dans un deuxième temps je n'ai pas souri Jacques Chirac
30%
6 Ce n’est pas parce que je n’ai pas de cravate qu’il faut me couper Philippe Poutou
30%
54 Vous préférez manger des biscuits Pépito que voter sur le projet de loi de finances ; j'espère que le gâteau était bon ! David Guiraud
28%
41 On raconte une histoire abracadabrantesque Jacques Chirac
28%
48 Un bon vin, une bonne viande, un bon fromage Fabien Roussel
27%
27 La réforme oui, la chienlit non Georges Pompidou
25%
9 Cet hémicycle tout entier a déjà constaté à quel point je vous obsède Christiane Taubira
23%
12 Et j'attendais, je ne vous le cache pas, ce moment avec un peu d'impatience. Jacques Chirac
20%
49 Un homme qui dit une bêtise, c'est une bourde. Une femme qui dit une bêtise, c'est une gourde ! Valérie Pécresse
20%
34 Lorsque manifestement, manifestement, manifestement, son intervention n’a aucun, aucun, aucun rapport avec le règlement.... Jean-Philippe Tanguy
12%
52 Vous m’avez fait honte ! Robert Badinter
12%
44 Personne ne peut donc affirmer aujourd'hui que le chemin de la guerre sera plus court que celui des inspections Dominique de Villepin
8%
18 Je me demande si, lorsque vous affirmez certaines choses, vous y croyez vraiment Christiane Taubira
7%
24 L'extrême-droite, ce sont de fausses réponses à de vraies questions. Laurent Fabius
7%
Aucun quiz correspondant
Distribution des résultats
% des personnes avec chaque résultat
Percentile par nombre de réponses
Votre historique - résultats
Vous n’avez pas pris ce quiz